KONRÁD HRUBAN, NAVRHOVÁNÍ KONSTRUKCÍ ZDĚNÝCH

Bibliographic Details
Main Author: Šmerda, Z. (Author)
Format: Article
Language:Slovak

MARC

LEADER 00000nab a2200000uu 4500
001 vtls010894288
003 SK-MaSNL
005 20260303142101.0
008 230222|1956 xo |||||||||||||||||slo|
015 |a SNBRB 
035 |a (urnnbn)urn:nbn:sk:snk:ar-006gjp 
035 |a (uuid)1fad3839-f239-4dba-af69-d4e11fdc632e 
035 |a urn:nbn:sk:snk-ab8ngg 
040 |a SNKBUCL  |b slo  |c SNKBUCL  |e AACR2 
041 0 |a slo 
044 |a xo  |c SK 
100 1 |a Šmerda, Z.  |4 aut  |9 1162153 
245 1 0 |a KONRÁD HRUBAN, NAVRHOVÁNÍ KONSTRUKCÍ ZDĚNÝCH  |c Z. Šmerda 
773 0 |t Stavebnícky časopis : mesačník pre teoretické problémy stavebných látok a konštrukcií  |g Roč. 4, č. 1 (1956), s. [74] 
954 |a odborná, vedecká literatúra pôvodná (slovenská)  |2 lita 
958 |a OND 
958 |a EUIPO 
958 |a article10 
999 |c 1980616  |d 1982546